00778nam a22002177a 4500003000900000008004100009020001800050040007100068082002300139245009800162260005600260300002700316650003100343650002300374650002400397650002300421650001700444700003300461700002700494710003900521AR-CdUCM190427b ||||| |||| 00| 0 spa d a9786124791109 aMUNICIPALIDAD PROVINCIAL DEL CUSCOcBIBLIOTECA MUNICIPAL DEL CUSCO a869.521/P26PbP26P aLas polillas en los Comentarios Reales del Inca Garcilaso de la Vega /cÓscar Paredes Pando aCusco :bMunicipalidad Distrital de Wanchaq,c2018. a150 páginas:c24 cm. aGarcilaso de la Vega, Inca aComentarios reales aCrítica literaria aLiteratura peruana a Redacción aAvendaño Farfán, Ángel aGuevara Paredes, Mario aMunicipalidad Distrital de Wanchaq